00999nam a2200229 a 450000100100000000500170001000800410002704000250006808200200009310000390011324500570015226000260020930000200023559000260025565000280028165000310030991000370034095201240037795201180050195201330061999900170075200001725220240412074246.0100322s19uu dr 001 p spa d aDO-SdBNPbspacBNPHU aRD861.44bM385s1 aMartínez, Nelsón José93791510aSustancias de la vida /cNelsón José Martínez. a[s.l :bs.n.,c199?]. a56 p. ;c21 cm. aInventariado, 2018/LP 0aPoesía dominicana966 0aLiteratura dominicana.967 aValidado. Control de calidad EMS 0010718PDaPDbPDcHDd2010-03-22iLF1l0oRD861.44 M385sp17252-10r2020-06-25te. 2w2020-06-25yLFPDZNo se presta 0010718PDaPDbPDcHDd2010-03-22iLF1l0oRD861.44 M385sp17252-20r2020-06-25w2020-06-25yLFPDZNo se presta 001054708DSaPDbPDcHDd2014-07-21iLF1l0oRD861.44 M385sp17252-30r2020-06-25te. 3w2020-06-25yLFDSZPréstamo en sala c16777d16777